00273nam a2200121Ia 4500008004100000041000900041082001900050100001000069245001500079260004100094300000800135650000800143230718s9999 xx 000 0 und d aEng. a346.002bIRF-M aIrfan 0aMinor Acts aPakistanbIrfan law Book Housec2011 a226 aLaw